| 000 | 01010nam a2200229Ia 4500 | ||
|---|---|---|---|
| 001 | 945-SAL lu so (18980) | ||
| 003 | IT-MiSPE | ||
| 008 | 171229s9999||||xx |||||||||||||| ||und|| | ||
| 040 |
_aIT-MiSPE _cIT-MiSPE |
||
| 041 | _aITALIANO | ||
| 100 | _aLuigi Salvatorelli | ||
| 245 | 0 |
_aSommario della storia d'Italia _bDai tempi preistorici ai nostri giorni |
|
| 250 | _a1a ed. (v) | ||
| 260 |
_aTorino _bEinaudi _c1974 |
||
| 300 |
_a573 p. _c20 cm |
||
| 490 |
_aStruzzi _v64 |
||
| 500 | _aItalia - Storia | ||
| 501 | _aEdizioni San Paolo srl - Piazza Soncino, 5 - 20092 CINISELLO BALSAMO (MI) (non commercial uses only) ® Copyright 2018 | ||
| 942 | _cBK | ||
| 957 | _71 | ||
| 999 |
_a5386 _bNO _g Copie: 1 _c357464 _d357464 |
||